Democracia, desarrollo económico y justicia social /

সংরক্ষণ করুন:
গ্রন্থ-পঞ্জীর বিবরন
প্রধান লেখক: Arias Calderón, Ricardo
বিন্যাস: পাঠ‍্য
ট্যাগগুলো: ট্যাগ যুক্ত করুন
কোনো ট্যাগ নেই, প্রথমজন হিসাবে ট্যাগ করুন!

MARC

LEADER 00000 a a2200000 04500
001 47847
003
040
100 |a Arias Calderón, Ricardo  
245 |a Democracia, desarrollo económico y justicia social /  |c Ricardo Arias Calderón  
500 |a Discurso dado en el acto de celebración del Centenario de la Rerum Novarum, Panamá 16 de mayo, 1991.  
773 |g número22, (abril-setiembre, 1991), páginas 91-92  
999 |c 36817  |d 36817